Programa de inversiones 1973-1976 / Diputación Provincial de Barcelona
Descripción Física:
43 p. ; 26 cm
MARC
| LEADER | 00000nam a2200000Ia 4500 | ||
|---|---|---|---|
| 001 | 8066 | ||
| 008 | 160829s9999 xx 000 0 cat d | ||
| 080 | |a M-1-203 | ||
| 110 | 1 | |a Barcelona (Catalunya : Província). |b Diputació |9 52408 | |
| 245 | |a Programa de inversiones 1973-1976 / Diputación Provincial de Barcelona | ||
| 260 | |a Barcelona : |b Diputació, setembre 1972 | ||
| 300 | |a 43 p. ; |c 26 cm | ||
| 610 | 1 | 0 | |a Barcelona (Catalunya : Província). |b Diputació |x Assignacions pressupostàries i despeses |9 53789 |
| 901 | |a Arxiu | ||
| 942 | |n 1 | ||
| 952 | |0 0 |1 0 |4 0 |6 M1203 |7 1 |9 49055 |a Arxiu |b Arxiu |d 2016-12-01 |l 0 |o M-1-203 |p 8066 |r 2016-12-01 00:00:00 |w 2016-12-01 |y ARXIU | ||
| 999 | |c 52892 |d 52892 | ||